000 00380nam a2200121 4500
999 _c9552
_d9552
008 180707b ||||| |||| 00| 0 eng d
100 _928402
_aRomero, Alexis
245 _aDuterte: fight corruption, injustice, abuse of power/
_cAlexis Romero
260 _aPhilippines
_bThe Philippine Star
_cc2017
300 _apage 4.
650 0 _928403
_aPolitical corruption.
942 _2ddc
_cPER